Недвижимость: как ее рекламировать

গ্রন্থ-পঞ্জীর বিবরন
প্রধান লেখক: Назайкин А. Н. Александр Николаевич
সংক্ষিপ্ত:В книге рассматриваются основные моменты продажи различных объектов недвижимости с помощью рекламы. Автор подробно и популярно объясняет, как сделать рекламу действительно эффективной, последовательно описывает все этапы работ: от сбора исходных данных через медиапланирование до разработки рекламного сообщения. Книга иллюстрирована множеством наглядных примеров. Рассчитана на широкий круг читателей: как на тех, кто впервые столкнулся с продажей недвижимости, так и на профессиональных риелторов, агентов и маклеров, решающих рекламные задачи ежедневно.
ভাষা:রুশ
প্রকাশিত: Москва, Вершина, 2006
বিষয়গুলি:
বিন্যাস: MixedMaterials গ্রন্থ
KOHA link:https://koha.lib.tpu.ru/cgi-bin/koha/opac-detail.pl?biblionumber=101168

MARC

LEADER 00000nam0a2200000 4500
001 101168
005 20231031112536.0
010 |a 5962601661 
035 |a (RuTPU)RU\TPU\book\108948 
090 |a 101168 
100 |a 20060901d2006 km y0rusy50 ca 
101 0 |a rus 
102 |a RU 
105 |a a z 001zy 
200 1 |a Недвижимость: как ее рекламировать  |f А. Н. Назайкин 
210 |a Москва  |c Вершина  |d 2006 
215 |a 264 с.  |c ил. 
320 |a Библиогр.: с. 258-260. 
330 |a В книге рассматриваются основные моменты продажи различных объектов недвижимости с помощью рекламы. Автор подробно и популярно объясняет, как сделать рекламу действительно эффективной, последовательно описывает все этапы работ: от сбора исходных данных через медиапланирование до разработки рекламного сообщения. Книга иллюстрирована множеством наглядных примеров. Рассчитана на широкий круг читателей: как на тех, кто впервые столкнулся с продажей недвижимости, так и на профессиональных риелторов, агентов и маклеров, решающих рекламные задачи ежедневно. 
610 1 |a реклама 
610 1 |a рекламные компании 
610 1 |a медиапланирование 
610 1 |a рекламные тексты 
610 1 |a риелторские услуги 
610 1 |a недвижимость 
610 1 |a размещение 
610 1 |a маркетинговые исследования 
675 |a 659  |v 3 
700 1 |a Назайкин  |b А. Н.  |g Александр Николаевич 
801 1 |a RU  |b 63413507  |c 20060901  |g PSBO 
801 2 |a RU  |b 63413507  |c 20230502  |g PSBO 
900 |a Массовые коммуникации и медиапланирование 
900 |a Работа с рекламными текстами 
900 |a Копирайтинг 
900 |a Технологии проведения рекламных кампаний 
942 |c BK